Ξενοδοχειακή λογιστική
Αποθηκεύτηκε σε:
| Κύριος συγγραφέας: | |
|---|---|
| Μορφή: | Βιβλίο |
| Γλώσσα: | Greek |
| Δημοσίευση: |
Αθήνα :
[χ.ό.],
2022.
|
| Θέματα: | |
| Ετικέτες: |
Προσθήκη ετικέτας
Δεν υπάρχουν, Καταχωρήστε ετικέτα πρώτοι!
|
MARC
| LEADER | 00000nam a2200000 a 4500 | ||
|---|---|---|---|
| 001 | 1/127070 | ||
| 008 | 230720s2022####gr | ||| |||| ||gre|| | ||
| 020 | |a 9786188391925 | ||
| 040 | |a GR-MyUa |b gre |c GR-MyUa |e AACR2 | ||
| 041 | 0 | |a gre | |
| 082 | 7 | |a 657.837 |2 (23) | |
| 100 | 1 | |a Λεκαράκου-Νιζάμη, Κατερίνα. | |
| 245 | 1 | 0 | |a Ξενοδοχειακή λογιστική / |c Κατερίνα Λεκαράκου. |
| 260 | |a Αθήνα : |b [χ.ό.], |c 2022. | ||
| 300 | |a 687 σ. : |b πίν. ; |c 24 εκ. | ||
| 650 | 0 | |a Hotel management |x Accounting. | |
| 650 | 0 | |a Hotel management | |
| 852 | |a INST |b RHODES |e 20230720 |h 657.837 ΛΕΚ |p 005400043715 |q 005400043715 |t BK |y 0 | ||
| 970 | |z 20-07-2023 | ||